Представление документа в формате MARC21

Поле Инд. ПП Название Значение
Тип записи a
Библиографический уровень m
001 _ Контрольный номер RU\infra-m\znanium\bibl\1031589
005 _ Дата корректировки 20250915104117.5
008 Кодируемые данные 201029s2019 RU g rus u
020 a ISBN 978-5-16-015409-1
020 a ISBN 978-5-16-107865-5
040 a Служба первич. каталог. Общество с ограниченной ответственностью «ЗНАНИУМ»
041 a Код языка текста rus
044 a Код страны публикации RU
080 a Индекс УДК 93/94(470+571)(075.8)
084 2 Источник индекса rubbk
a Индекс другой классификации/Индекс ББК 63.3(2)я73
084 2 Источник индекса okso
a Индекс другой классификации/Индекс ББК 00.03.04
084 2 Источник индекса okso
a Индекс другой классификации/Индекс ББК 46.03.01
100 1_ a Автор Жеребкин Михаил Васильевич
q Полное имя Михаил Васильевич
245 a Заглавие История России. Вызовы эпохи Романовых
b Продолж. заглавия Учебное пособие
c Ответственность Крымский федеральный университет им. В.И. Вернадского
250 a Основные сведения об издании 1
260 a Место издания Москва
b Издательство ООО "Научно-издательский центр ИНФРА-М"
c Дата издания 2020
300 a Объем 456 с.
520 a Аннотация Учебное пособие «История России. Вызовы эпохи Романовых» является продолжением исследования автора «История России. Вызовы эпохи Рюриковичей». В книге через призму исторических конфликтов анализируются наиболее важные события и действующие лица русской истории на протяжении трех веков правления царей династии Романовых: от Михаила Федоровича до Николая II.
521 a Примеч. о целев. назн. ВО - Бакалавриат
650 a Основная рубрика История. Исторические науки
x Основная подрубрика Общие работы по истории России
852 x Примечание, не предназначенное для пользователя znanium2022
856 4_ a Имя сервера/домена znanium.com
m Помощь ebs_support@infra-m.ru
n Местонахождение сервера НИЦ ИНФРА-М
u URL http://znanium.com/catalog/document?id=350843
z Примечание для пользователя Участвует в КО
856 41 a Имя сервера/домена znanium.com
d Путь /cover/1031
f Электронное имя 1031589.jpg
q Тип электронного формата image/jpeg
u URL https://znanium.com/cover/1031/1031589.jpg